000 00835nam a22002417a 4500
003 0
005 20250113160014.0
008 241108b xxu||||| |||| 00| 0 eng d
050 _aPHS BF 724
_b.K49 2024
100 _aKim, Nayeon,
_eauthor.
245 _aImpact of peer influence on the engagement of risky behaviors :
_bsurveying adolescents' perceptions and experiences /
_cNayeon Kim.
260 _aLas PiƱas :
_bSouthville International School and Colleges,
_c2024.
300 _a44 p. ;
_c30 cm.
504 _aIncludes bibliographical references.
650 _aPeer pressure
650 _aRisk-taking (Psychology)
650 _aAdolescent psychology
650 _aBehavioral assessment
650 _aSocial influence
650 _aRisky behavior (Adolescents)
650 _aTeen
_vSocial conditions
942 _2lcc
_cPASS
999 _c366661
_d366661